000 00931nam a22002897a 4500
001 8491
003 FISKH
005 20250915161247.0
008 250915b cb ||||| |||| 00| 0 eng d
020 _a9780141310077
040 _aFISKH
_beng
_cFISKH
_dFISKH
050 _aPZ7.D455 K
082 _a813.54
100 _aDessen, Sarah
_d(1970-)
245 _aKeeping the moon /
_cSarah Dessen
250 _aThis edition first published in 1999
260 _aNew York :
_bPuffin,
_c1999
300 _a228 pages :
_c20 cm
505 _aP
520 _aFifteen-year-old Colie, a former fat girl, spends the summer working as a waitress in a beachside restaurant, staying with her overweight and eccentric Aunt Mira, and trying to explore her sense of self.
521 8 _a650
_bLexile
521 8 _aP
_bRaz-Plus
650 _2Summer
_aTeen
650 _2Waitress
_aYoung adult
942 _2ddc
_cBK
_n0
999 _c8491
_d8491